Už mi dávno není padesát /
Po úspěšných sbírkách povídek Ať žijí padesátnice a Padesátka v nouzovém stavu přichází Hana Hřebejková s dalším dílem svých humorných historek ze života. Ze života ženy, která oslavila své padesátiny už před nějakým tím pátkem, ženy, která ráda cestuje, hoduje, zpívá, miluje své děti, vnoučata a př...
Uloženo v:
| Hlavní autor: | |
|---|---|
| Médium: | E-kniha |
| Jazyk: | Czech |
| Vydáno: |
Praha :
Euromedia,
2026
|
| Tagy: |
Žádné tagy |
| LEADER | 01900nam a22002297i 4500 | ||
|---|---|---|---|
| 001 | 297561 | ||
| 007 | ta | ||
| 008 | 260413s2026 xr ||||| |||| 00| 0 cze d | ||
| 020 | |a 9788028415396 | ||
| 044 | |a xr | ||
| 100 | 1 | |a Hřebejková, Hana |4 aut | |
| 245 | 1 | 0 | |a Už mi dávno není padesát / |c Hřebejková, Hana |
| 240 | 1 | 0 | |a Už mi dávno není padesát |
| 264 | 1 | |a Praha : |b Euromedia, |c 2026 | |
| 300 | |a 1 online zdroj (104 stran) | ||
| 336 | |a text |b txt |2 rdacontent | ||
| 337 | |a bez média |b n |2 rdamedia | ||
| 338 | |a online zdroj |b cr |2 rdacarrier | ||
| 520 | 2 | |a Po úspěšných sbírkách povídek Ať žijí padesátnice a Padesátka v nouzovém stavu přichází Hana Hřebejková s dalším dílem svých humorných historek ze života. Ze života ženy, která oslavila své padesátiny už před nějakým tím pátkem, ženy, která ráda cestuje, hoduje, zpívá, miluje své děti, vnoučata a přátele a z každé lapálie dokáže vytěžit příhodu, kterou pobaví své blízké. Třeba o tom, zda lze i v pokročilém věku s vášní skládat puzzle v dětském koutku, jak se vydávat za sestru vlastní dcery či jak se vypořádat s hlučným sousedem. S autorkou se vypravíme za humornými historkami na lázeňský pobyt do Františkových Lázní, na zájezd do Alsaska i po památkách naší vlasti. Zavzpomínáme na dobu kovidu i na mladá léta, na trampoty rodinného života, práci v zahraničí a dozvíme se třeba i to, jak najít zvonící mobil zastrčený za gumou vlastních kalhot. | |
| 910 | |a RBIT002 | ||
| 998 | |d 426046 |a https://core.palmknihy.cz/api/books/426046/cover?tcukoz |b https://core.palmknihy.cz/api/books/426046/cover/400?tcukoz |c https://core.palmknihy.cz/api/books/426046/cover/50?tcukoz |e 2033-01-05 |g 104 |i 9788028415396 |j https://core.palmknihy.cz/api/books/426046/preview.epub |l |q 49 |r 1 |s https://www.palmknihy.cz/kniha/426046 |t ebook |y 2026 |z 1 | ||
| 999 | |d 297559 | ||